00838nam a22002417a 450000500170000001000130001702000260003003500130005603700160006904000120008508200210009710000230011824500530014126000340019427000520022830000240028050000500030465000290035465000320038394200300041599900190044595201320046420170124105955.0 aB-163167 a9788179080207c740.00 aB-163167 bCen Lib/Ret aDPLbEN a327.5405491bDAS aDas, Bharti914336 aIrritants in Indo-Pak relations /cby Bharti Das aNew DelhibKilaso Booksc2005 a2/19, Ansari Road Darya GanjbNew Delhie110002 axi, 240p.c22cm(Hb) aIncludes bibliographical reference and index  aPolitical Science985339 aDiplomatic relations985340 2ddccENh327.5405491kDAS c125431d125431 00104070aLbLd2015-06-22eCen Lib/Retg740.00l0o327.5405491 DASpB-163167r2015-06-22 00:00:00t1v740.00w2015-06-22yEN